Lecturas de teoría e investigación contable (Registro nro. 2809)
[ vista simple ]
| 000 -LEADER | |
|---|---|
| fixed length control field | 01084 a2200205 4500 |
| 001 - CONTROL NUMBER | |
| control field | 37802 |
| 005 - DATE AND TIME OF LATEST TRANSACTION | |
| control field | 20260407155644.0 |
| 008 - FIXED-LENGTH DATA ELEMENTS--GENERAL INFORMATION | |
| fixed length control field | 260407a1995 arg spa d |
| 003 - CONTROL NUMBER IDENTIFIER | |
| control field | AR-UNSa-BCEJYS |
| 040 ## - CATALOGING SOURCE | |
| Original cataloging agency | AR-UNSa-BCEJYS |
| Language of cataloging | spa |
| Transcribing agency | AR-UNSa-BCEJYS |
| 080 ## - UNIVERSAL DECIMAL CLASSIFICATION NUMBER | |
| Universal Decimal Classification number | 657 |
| Common auxiliary subdivision | Contabilidad |
| 041 ## - LANGUAGE CODE | |
| Language code of text/sound track or separate title | spa |
| 100 1# - MAIN ENTRY--PERSONAL NAME | |
| Personal name | Tua Pereda, Jorge |
| 245 10 - TITLE STATEMENT | |
| Title | Lecturas de teoría e investigación contable |
| 264 #1 - PRODUCTION, PUBLICATION, DISTRIBUTION, MANUFACTURE, AND COPYRIGHT NOTICE | |
| Place of production, publication, distribution, manufacture | Medellin : |
| Name of producer, publisher, distributor, manufacturer | Centro Interamericano Jurídico-Financiero |
| Date of production, publication, distribution, manufacture, or copyright notice | 1995 |
| 300 ## - PHYSICAL DESCRIPTION | |
| Extent | x, 418 p. |
| Dimensions | 24 cm. |
| 505 ## - FORMATTED CONTENTS NOTE | |
| Formatted contents note | 1. Subprogramas de investigación en la emisión de principios contables - 2. Algunos obstaculos con que se enfrenta la normalización contable - 3. La evolución del consepto de contabilidad a traves de sus deficiones - 4. Algunas implicaciones del paradigma de utilidad en la disciplina contable - 5. Los principios contables en el nuevo plan general de contabilidad - 6. La investigación empirica en contabilidad. Los enfoques en presencia; 7. La investigación en contabilidad: una reflexión personal. |
| 590 ## - LOCAL NOTE (RLIN) | |
| Local note | niveau_biblio:m niveau_hierar:0 |
| 942 ## - ADDED ENTRY ELEMENTS (KOHA) | |
| Koha item type | |
| Withdrawn status | Lost status | Damaged status | Not for loan | Home library | Current library | Shelving location | Date acquired | Total checkouts | Full call number | Barcode | Date last seen | Price effective from | Koha item type |
|---|---|---|---|---|---|---|---|---|---|---|---|---|---|
| Biblioteca Prof. Eusebio Cleto del Rey | Biblioteca Prof. Eusebio Cleto del Rey | 07/04/2026 | 657 T883 | L125668 | 07/04/2026 | 07/04/2026 | Libro |